| 000 | 00743nas a2200253 4500 | ||
|---|---|---|---|
| 001 | BR8003107 | ||
| 003 | BR-BrBNA | ||
| 005 | 20231205084319.0 | ||
| 007 | ta | ||
| 008 | 230509b bl.|||p| |||| 00| 00por d | ||
| 040 |
_aBR-BrBNA _bpor _cBiblioteca Nacional de Agricultura |
||
| 041 | _a(Pt) | ||
| 072 | _aK20 | ||
| 100 | 1 | _aBrepohl, D. | |
| 245 | 1 | _aContribuicao do setor florestal a economia brasileira | |
| 650 | _aAdministracao florestal | ||
| 650 | _aAnalise economica | ||
| 650 | _aFloresta | ||
| 650 | _aEconomia florestal | ||
| 650 | _aDesenvolvimento florestal | ||
| 773 | 0 |
_tFloresta (Brazil) _xISSN 0015-3826 _g(Jun 1980), v. 11(1) p. 53-57 _wBR8003107 |
|
| 909 |
_a202311 _bLúcia _c55 _dLúcia Elande |
||
| 942 |
_2AGRIS _n0 _cANA |
||
| 999 |
_c104440 _d104440 |
||